| 000 | 00746cab a2200241 4500 | ||
|---|---|---|---|
| 001 | WB3040-08 | ||
| 008 | 090401t1994 xxu||||| |||| 00| 0 eng d | ||
| 035 | _a(Sirsi) u75584 | ||
| 041 | _aeng | ||
| 245 | _aWhole life costing | ||
| 260 | _c1994 | ||
| 350 | _a0 | ||
| 490 |
_aConstruction News _v(6388) 27 October 1994, 4(1) |
||
| 520 | _aThe Ministry of Defence has indicated a move away from price competition towards whole-life costing of new construction work and changes in payment terms to contractors. | ||
| 650 | _aDEFENCE WORKS SERVICES | ||
| 650 | _aMINISTRY OF DEFENCE | ||
| 650 | _aMOD | ||
| 650 | _aProcurement-old | ||
| 650 | _aWHOLE-LIFE COSTING | ||
| 690 | _aBUILT ENVIRONMENT | ||
| 942 | _n0 | ||
| 948 | _c04/03/1997 | ||
| 999 |
_c47552 _d47552 |
||